| 000 | 00504nam a22001697a 4500 | ||
|---|---|---|---|
| 999 |
_c17806 _d17806 |
||
| 003 | OSt | ||
| 005 | 20200127142655.0 | ||
| 008 | 200127b ||||| |||| 00| 0 eng d | ||
| 040 | _aSEKU | ||
| 050 |
_aGE 170 _b.S56 |
||
| 100 | _aSingh, Ashbindu. | ||
| 245 |
_aMaking science for sustainable development more policy relevant : _bNew tools for analysis / _cAshbindu Singh |
||
| 260 |
_aFrance : _bStipa , _c2002. |
||
| 300 |
_a28P. : _bIll. |
||
| 700 | _aBedrich Moldan, Thomas Loveland. | ||
| 942 |
_2lcc _cGEN |
||